Contestación al folleto "A mis amigos y al Pais" (Record no. 21924)

MARC details
000 -LEADER
campo de control de longitud fija 00718nam a2200181 i 4500
001 - NÚMERO DE CONTROL
campo de control 21924
003 - IDENTIFICADOR DE NÚMERO DE CONTROL
campo de control ES-MaACL
005 - FECHA Y HORA DE LA ÚLTIMA TRANSACCIÓN
campo de control 20230906152554.0
007 - CAMPO FIJO DE DESCRIPCIÓN FÍSICA--INFORMACIÓN GENERAL
campo de control de longitud fija t|
008 - DATOS DE LONGITUD FIJA--INFORMACIÓN GENERAL
campo de control de longitud fija 021128s1856 sp ||||1| spa d
100 1# - ENTRADA PRINCIPAL--NOMBRE DE PERSONA
Nombre de persona Aldana, Lucas de.
9 (RLIN) 19606
245 10 - MENCIÓN DEL TÍTULO
Título Contestación al folleto "A mis amigos y al Pais"
Resto del título : acerca de la administración de las minas de Rio-Tinto /
Mención de responsabilidad, etc. por Lucas de Aldana.
260 ## - PUBLICACIÓN, DISTRIBUCIÓN, ETC.
Lugar de publicación, distribución, etc. Madrid :
Nombre del editor, distribuidor, etc. [s.n.],
Fecha de publicación, distribución, etc. 1856 (
Fabricante Imp. de la Viuda de Antonio Yenes)
300 ## - DESCRIPCIÓN FÍSICA
Extensión 21 p., [1] h. pleg. ;
Dimensiones 23 cm.
500 ## - NOTA GENERAL
Nota general Separata de: Revista minera.N. 151.
610 24 - PUNTO DE ACCESO ADICIONAL DE MATERIA--NOMBRE DE ENTIDAD CORPORATIVA
Nombre de entidad corporativa o nombre de jurisdicción como elemento de entrada Compañía Española de Minas de Río Tinto.
9 (RLIN) 5714
852 ## - LOCALIZACIÓN
Ubicación ES-MaACL
Número de control de estantería T-902-F-5
condición física . - Procede del legado de Federico Botella y Hornos
Holdings
Estatus retirado Estado de pérdida Estado de daño No para préstamo Colección Biblioteca de origen Biblioteca actual Ubicación en estantería Fecha de adquisición Fuente de adquisición Total de préstamos Signatura topográfica completa Código de barras Visto por última vez Precio de reemplazo Tipo de ítem Koha
        Colección de folletos Biblioteca del Ateneo de Madrid Biblioteca del Ateneo de Madrid Depósito folletos 17/01/2008     T-902-F-5 1022532 23/02/2023 23/02/2023 Folleto